[Event "St Petersburg Korchnoi Memorial op"]
[Site "St Petersburg"]
[Date "2019.08.17"]
[Round "4"]
[White "Maltsevskaya, Aleksandra"]
[Black "Zavgorodniaya, Alena"]
[Result "1-0"]
[WhiteElo "2291"]
[BlackElo "2105"]
[PlyCount "75"]
[EventDate "2019.08.14"]
[EventType "swiss"]
[EventRounds "9"]
[EventCountry "RUS"]
[SourceTitle "CBM 192"]
[Source "ChessBase"]
[SourceDate "2019.10.31"]
[SourceVersion "1"]
[SourceVersionDate "2019.10.31"]
[SourceQuality "1"]

1. d4 Nf6 2. Nf3 g6 3. g3 Bg7 4. Bg2 d5 5. 0-0 0-0 6. c4 dxc4 7. Na3 c3 8. bxc3 c5 9. Re1 Nc6 10. e4 Bg4 11. Nc2 Qa5 12. Bd2 Qa4 13. e5 Nd5 14. Rb1 Bf5 15. Ne3 Qxd1 16. Rbxd1 Nxe3 17. Bxe3 cxd4 18. cxd4 Nb4 19. Nh4 Bc2 20. Rd2 Rac8 21. a3 Nd3 22. Ree2 Nc1 23. Rxc2 Nxe2+ 24. Rxe2 b6 25. a4 Rc4 26. Ra2 e6 27. a5 Rb8 28. a6 Rbc8 29. Bb7 R8c7 30. Rb2 Ra4 31. Nf3 Bf8 32. Ng5 Be7 33. Ne4 Kf8 34. Nd6 Bxd6 35. exd6 Rd7 36. Bh6+ Kg8 37. Rc2 Rd8 38. Bg5 1-0

[Event "Paracin Summer op-A 12th"]
[Site "Paracin"]
[Date "2019.07.06"]
[Round "2"]
[White "Gadimbayli, Abdulla Azar"]
[Black "Zavgorodniaya, Alena"]
[Result "1-0"]
[WhiteElo "2414"]
[BlackElo "2128"]
[PlyCount "114"]
[EventDate "2019.07.05"]
[EventType "swiss"]
[EventRounds "9"]
[EventCountry "SRB"]
[SourceTitle "EXT 2020"]
[Source "ChessBase"]
[SourceDate "2019.10.17"]
[SourceVersion "1"]
[SourceVersionDate "2019.10.17"]
[SourceQuality "1"]

1. e4 e5 2. Nf3 Nc6 3. Bb5 a6 4. Ba4 Nf6 5. 0-0 Be7 6. Re1 b5 7. Bb3 d6 8. c3 0-0 9. h3 Bb7 10. d4 Nd7 11. a4 exd4 12. cxd4 Na5 13. Bc2 Re8 14. Qd3 c5 15. e5 Nf8 16. axb5 dxe5 17. bxa6 e4 18. Qc3 exf3 19. axb7 Nxb7 20. Rxa8 Qxa8 21. Qxf3 cxd4 22. Be4 Bf6 23. Bd2 Qa2 24. Bxh7+ Kxh7 25. Qd3+ g6 26. Rxe8 Nc5 27. Qf1 Nfe6 28. Rb8 Ne4 29. Qd1 d3 30. Rb4 Nxd2 31. Nxd2 Bxb2 32. Qf3 Nc5 33. Rc4 Qa7 34. Qd5 Ne6 35. Qxd3 Bd4 36. Ne4 Nf4 37. Qd1 f5 38. Kh1 Ne6 39. Ng5+ Nxg5 40. Rxd4 Kh6 41. Qd2 Kh5 42. Qd1+ Kh6 43. Rh4+ Kg7 44. Qd4+ Qxd4 45. Rxd4 Ne6 46. Ra4 Nc5 47. Ra5 Ne4 48. Kg1 Kf6 49. g3 Kg5 50. Kg2 Nd2 51. h4+ Kh5 52. f3 Nc4 53. Rc5 Nd6 54. Rc6 Nb5 55. Kf2 Nd4 56. Rb6 Nc2 57. Rb7 Kh6 1-0

[Event "St Petersburg Motiva Cup (Women)"]
[Site "St Petersburg"]
[Date "2019.06.15"]
[Round "5"]
[White "Skripchenko, Almira"]
[Black "Zavgorodniaya, Alena"]
[Result "1-0"]
[WhiteElo "2401"]
[BlackElo "2128"]
[PlyCount "93"]
[EventDate "2019.06.15"]
[EventType "swiss"]
[EventRounds "9"]
[EventCountry "RUS"]
[SourceTitle "CBM 190 Extra"]
[Source "ChessBase"]
[SourceDate "2019.07.15"]
[SourceVersion "1"]
[SourceVersionDate "2019.07.15"]
[SourceQuality "1"]

1. Nf3 d5 2. g3 c6 3. Bg2 Bg4 4. 0-0 Nd7 5. h3 Bh5 6. d4 e6 7. Bf4 Ngf6 8. Nbd2 Be7 9. g4 Bg6 10. Nh4 Rc8 11. Nxg6 hxg6 12. c4 0-0 13. c5 Nh7 14. Nf3 Ng5 15. Nxg5 Bxg5 16. Bh2 e5 17. dxe5 Nxc5 18. Qd4 Ne6 19. Qxa7 Nf4 20. e3 Nxg2 21. Kxg2 Qe7 22. Qd4 f6 23. Rab1 Qe6 24. exf6 Bxf6 25. Qd3 Be7 26. Rbd1 Qf6 27. e4 dxe4 28. Qxe4 Rce8 29. Qc4+ Kh7 30. Qb3 Bc5 31. Rd2 Re4 32. Qc3 Qe7 33. a3 Qg5 34. Bg3 Be7 35. Rd7 Bf6 36. Qd3 Re7 37. Rxe7 Bxe7 38. Qb3 b5 39. Rd1 Bc5 40. Qc2 Rc8 41. Rd7 Bf8 42. Qe2 Qc5 43. Qe6 Ra8 44. Rc7 Ra6 45. Rc8 b4 46. axb4 Qxb4 47. Qe8 1-0

[Event "St Petersburg Motiva Cup (Women)"]
[Site "St Petersburg"]
[Date "2019.06.15"]
[Round "4"]
[White "Zavgorodniaya, Alena"]
[Black "Fominykh, Maria"]
[Result "1/2-1/2"]
[WhiteElo "2128"]
[BlackElo "2243"]
[PlyCount "136"]
[EventDate "2019.06.15"]
[EventType "swiss"]
[EventRounds "9"]
[EventCountry "RUS"]
[SourceTitle "CBM 190 Extra"]
[Source "ChessBase"]
[SourceDate "2019.07.15"]
[SourceVersion "1"]
[SourceVersionDate "2019.07.15"]
[SourceQuality "1"]

1. e4 d6 2. d4 Nf6 3. Nc3 e5 4. Nf3 Nbd7 5. Bc4 Be7 6. 0-0 0-0 7. a4 c6 8. b3 b6 9. Bb2 Rb8 10. Re1 a6 11. Bf1 Re8 12. Qd3 Bf8 13. Ne2 Qc7 14. Ng3 b5 15. Nd2 d5 16. Qf3 Bb4 17. c3 Bf8 18. axb5 axb5 19. Rec1 exd4 20. cxd4 dxe4 21. Ndxe4 Nd5 22. Nc3 Qf4 23. Qd3 Nb4 24. Qd1 Nf6 25. Nce2 Qh4 26. h3 Nfd5 27. Ra7 Be6 28. Nc3 Nf4 29. Nce2 Nfd3 30. Rb1 Qf6 31. f4 Nxb2 32. Rxb2 Nd5 33. Qc1 Bc8 34. Rc2 Bb7 35. Nh5 Qg6 36. Nhg3 Ne3 37. Rc3 Nd5 38. Rf3 Bd6 39. f5 Qf6 40. Rxb7 Rxb7 41. Qxc6 Rbe7 42. Qxd5 b4 43. Nc1 Re1 44. Nd3 Rd1 45. Qb5 Qxd4+ 46. Kh2 Rb8 47. Qa5 Rxf1 48. Rxf1 Qxd3 49. Rf3 Qd4 50. f6 gxf6 51. Qf5 Be5 52. Kh1 Ra8 53. Qg4+ Qxg4 54. hxg4 Ra1+ 55. Kh2 Kf8 56. Kh3 Ke8 57. Kh4 Rc1 58. g5 fxg5+ 59. Kxg5 Rc2 60. Kf5 f6 61. Ne4 Ke7 62. g4 Bc7 63. Nxf6 Rc5+ 64. Ke4 Re5+ 65. Kd4 Bd6 66. Nd5+ Kd7 67. Rf7+ Ke6 68. Rf6+ Kd7 1/2-1/2

[Event "St Petersburg-ch (Women)"]
[Site "St Petersburg"]
[Date "2019.03.17"]
[Round "7"]
[White "Getman, Tatyana"]
[Black "Zavgorodniaya, Alena"]
[Result "1/2-1/2"]
[WhiteElo "2213"]
[BlackElo "2111"]
[PlyCount "71"]
[EventDate "2019.03.11"]
[EventType "swiss"]
[EventRounds "9"]
[EventCountry "RUS"]
[SourceTitle "CBM 189 Extra"]
[Source "ChessBase"]
[SourceDate "2019.06.03"]
[SourceVersion "1"]
[SourceVersionDate "2019.06.03"]
[SourceQuality "1"]

1. d4 Nf6 2. Nf3 g6 3. c4 Bg7 4. Nc3 d5 5. Bf4 0-0 6. e3 c5 7. dxc5 Qa5 8. Be5 dxc4 9. Bxc4 Qxc5 10. Qb3 Nc6 11. Na4 Qa5+ 12. Bc3 Qc7 13. Be2 e5 14. Nc5 Qe7 15. Qc4 b6 16. Ne4 Nxe4 17. Qxe4 Bb7 18. Qa4 Rfd8 19. Nd2 Nd4 20. exd4 exd4 21. Bb4 Qe5 22. Qb5 Rd5 23. Qd3 a5 24. Ba3 Ba6 25. Qe4 Qxe4 26. Nxe4 Re5 27. f3 f5 28. Bxa6 Rxa6 29. 0-0-0 fxe4 30. Rxd4 b5 31. Rd8+ Kf7 32. Rd7+ Kg8 33. Rd8+ Kf7 34. Rd7+ Kg8 35. Rd8+ Kf7 36. Rd7+ 1/2-1/2

[Event "St Petersburg-ch (Women)"]
[Site "St Petersburg"]
[Date "2019.03.14"]
[Round "4"]
[White "Zavgorodniaya, Alena"]
[Black "Yurasova, Daria"]
[Result "1/2-1/2"]
[WhiteElo "2111"]
[BlackElo "2158"]
[PlyCount "91"]
[EventDate "2019.03.11"]
[EventType "swiss"]
[EventRounds "9"]
[EventCountry "RUS"]
[SourceTitle "CBM 189 Extra"]
[Source "ChessBase"]
[SourceDate "2019.06.03"]
[SourceVersion "1"]
[SourceVersionDate "2019.06.03"]
[SourceQuality "1"]

1. e4 e5 2. Nf3 Nc6 3. Bb5 a6 4. Ba4 Nge7 5. 0-0 g6 6. d4 exd4 7. Nxd4 Bg7 8. c3 Ne5 9. f4 Nc4 10. f5 Nc6 11. Nxc6 bxc6 12. Qf3 Ne5 13. Qg3 Qe7 14. Bg5 f6 15. Be3 Bb7 16. Nd2 0-0-0 17. b4 gxf5 18. Rxf5 h5 19. Bb3 Bh6 20. Raf1 h4 21. Qh3 Qg7 22. Bxh6 Rxh6 23. Nc4 Nxc4 24. Bxc4 Kb8 25. Qf3 Re8 26. Rxf6 Rxf6 27. Qxf6 Qxf6 28. Rxf6 Rxe4 29. Bd3 Re1+ 30. Rf1 Re3 31. Rf3 Re1+ 32. Kf2 Ra1 33. Bc4 c5 34. Rf8+ Ka7 35. bxc5 Rc1 36. Rh8 Rxc3 37. Rxh4 Rc2+ 38. Ke3 Rxg2 39. Rh7 Rg5 40. Kd4 Rg4+ 41. Kc3 Rg5 42. Kb4 a5+ 43. Kc3 Bc6 44. Kd4 Rg4+ 45. Kc3 Rg5 46. Rh5 1/2-1/2

[Event "St Petersburg-ch (Women)"]
[Site "St Petersburg"]
[Date "2019.03.12"]
[Round "2"]
[White "Zavgorodniaya, Alena"]
[Black "Belenkaya, Dina"]
[Result "1/2-1/2"]
[WhiteElo "2111"]
[BlackElo "2360"]
[PlyCount "190"]
[EventDate "2019.03.11"]
[EventType "swiss"]
[EventRounds "9"]
[EventCountry "RUS"]
[SourceTitle "CBM 189 Extra"]
[Source "ChessBase"]
[SourceDate "2019.06.03"]
[SourceVersion "1"]
[SourceVersionDate "2019.06.03"]
[SourceQuality "1"]

1. e4 c6 2. d4 d5 3. Nc3 dxe4 4. Nxe4 Nf6 5. Nxf6+ exf6 6. c3 Bd6 7. Bd3 0-0 8. Ne2 Re8 9. 0-0 Na6 10. Bf4 Nc7 11. Qc2 Rxe2 12. Qxe2 Bxf4 13. Qe4 Bh6 14. Qxh7+ Kf8 15. Rae1 Be6 16. f4 f5 17. Bxf5 Qh4 18. g3 Qh5 19. Re5 f6 20. Rxe6 Nxe6 21. Bg6 Qg4 22. Qh8+ Ke7 23. Qxa8 Qxg6 24. Qxb7+ Kf8 25. f5 Be3+ 26. Kg2 Qe8 27. fxe6 Qxe6 28. Qb8+ Ke7 29. Qxa7+ Kf8 30. Qc5+ Kg8 31. Qf5 Qxa2 32. Kf3 Bd2 33. Qc2 Qd5+ 34. Ke2 Bh6 35. Kd3 c5 36. Qa4 Kh7 37. Qc2 f5 38. Qe2 cxd4 39. c4 Qd7 40. Qe5 g6 41. Qxd4 Qb7 42. Rf4 Qb3+ 43. Ke2 Bxf4 44. gxf4 Qc2+ 45. Ke3 Qxh2 46. c5 Qg3+ 47. Kd2 Qg2+ 48. Kc3 Qf3+ 49. Kc4 Qe2+ 50. Kd5 Qb5 51. Qe5 Qb3+ 52. Kc6 Qa4+ 53. Kd6 Qb4 54. Ke6 Qb5 55. Kf6 Kh6 56. Kf7 Qd7+ 57. Qe7 Qd5+ 58. Kf8 Qa8+ 59. Qe8 Qb7 60. Qe5 Qc8+ 61. Ke7 Qb7+ 62. Kd6 Qb8+ 63. Kc6 Qa8+ 64. Kb6 Qd8+ 65. Kb7 Qd7+ 66. Kb6 Qd8+ 67. Kb5 Qd3+ 68. Kc6 Qa6+ 69. Kd5 Qd3+ 70. Qd4 Qb3+ 71. Kd6 Qb8+ 72. Kc6 Qc8+ 73. Kb5 Qb7+ 74. Kc4 Qa6+ 75. Kc3 Kh5 76. Qg1 Kh4 77. b4 Qa3+ 78. Kc4 Qa6+ 79. b5 Qa4+ 80. Kd5 Qe4+ 81. Kd6 Qxf4+ 82. Kd7 Qd2+ 83. Kc8 Qd5 84. b6 Qe6+ 85. Kb7 Qd7+ 86. Kb8 Qe8+ 87. Kc7 Qe7+ 88. Kc6 Qe6+ 89. Kb5 Qb3+ 90. Ka6 Qa4+ 91. Kb7 Qd7+ 92. Kb8 Qe8+ 93. Ka7 Qa4+ 94. Kb8 Qe8+ 95. Kc7 Qe7+ 1/2-1/2

[Event "St Petersburg Korchnoi Memorial op"]
[Site "St Petersburg"]
[Date "2018.08.21"]
[Round "7"]
[White "Zavgorodniaya, Alena"]
[Black "Shoshin, Kirill"]
[Result "1-0"]
[WhiteElo "2122"]
[BlackElo "1955"]
[PlyCount "69"]
[EventDate "2018.08.15"]
[EventType "swiss"]
[EventRounds "9"]
[EventCountry "RUS"]
[SourceTitle "CBM 186 Extra"]
[Source "ChessBase"]
[SourceDate "2018.08.24"]
[SourceVersion "1"]
[SourceVersionDate "2018.08.24"]
[SourceQuality "1"]

1. e4 e6 2. d4 d5 3. Nd2 c5 4. exd5 exd5 5. Bb5+ Bd7 6. Bxd7+ Nxd7 7. Ne2 c4 8. b3 b5 9. 0-0 Ngf6 10. a4 bxa4 11. bxc4 dxc4 12. Nxc4 Nb6 13. Ne5 Bd6 14. Ba3 Bxa3 15. Rxa3 0-0 16. c4 Nfd7 17. Nxd7 Qxd7 18. c5 Nc4 19. Qxa4 Qe6 20. Ra2 Rfd8 21. Rc2 Nb6 22. cxb6 axb6 23. Qc6 Qf5 24. Rfc1 Rab8 25. h3 h6 26. g4 Qd3 27. Qc3 Qg6 28. Ng3 Rd5 29. Nf5 Re8 30. Qf3 Rdd8 31. Rc6 Qg5 32. h4 Qd2 33. Rd1 Re1+ 34. Rxe1 Qxe1+ 35. Kg2 1-0

[Event "St Petersburg-ch (Women)"]
[Site "St Petersburg"]
[Date "2018.03.26"]
[Round "8"]
[White "Belenkaya, Dina"]
[Black "Zavgorodniaya, Alena"]
[Result "1-0"]
[WhiteElo "2294"]
[BlackElo "2074"]
[PlyCount "111"]
[EventDate "2018.03.19"]
[EventType "swiss"]
[EventRounds "9"]
[EventCountry "RUS"]
[SourceTitle "CBM 183 Extra"]
[Source "ChessBase"]
[SourceDate "2018.04.19"]
[SourceVersion "1"]
[SourceVersionDate "2018.04.19"]
[SourceQuality "1"]

1. e4 e5 2. Nf3 Nc6 3. Nc3 Nf6 4. d4 exd4 5. Nxd4 Bb4 6. Nxc6 bxc6 7. Bd3 0-0 8. 0-0 d5 9. exd5 cxd5 10. Bg5 c6 11. Qf3 h6 12. Bxf6 Qxf6 13. Qxf6 gxf6 14. Ne2 Bd6 15. Rad1 Bg4 16. Rd2 Bxe2 17. Bxe2 Rfe8 18. Bg4 Rad8 19. Rd3 Be5 20. b3 c5 21. Rfd1 Bc7 22. Kf1 d4 23. Rh3 Kg7 24. Be2 Re7 25. Rh4 Rd5 26. f4 Rf5 27. g3 Rd5 28. Bc4 Rdd7 29. Rh5 Bb6 30. Re1 Rxe1+ 31. Kxe1 Kg6 32. g4 Ba5+ 33. Kf2 Bb4 34. Kf3 Re7 35. Bd3+ Kg7 36. Be4 Rc7 37. Rd5 a5 38. Rd8 Ra7 39. Rc8 Re7 40. Ra8 Rc7 41. Rd8 Re7 42. Rc8 Ba3 43. h3 Bb4 44. Rc6 Ra7 45. h4 a4 46. bxa4 Rxa4 47. Bd5 Ra7 48. Ke4 Re7+ 49. Kf5 Rd7 50. Bc4 Be1 51. h5 Bf2 52. Rxf6 Re7 53. Rc6 Be3 54. Bd3 Ra7 55. g5 hxg5 56. h6+ 1-0

[Event "St Petersburg-ch (Women)"]
[Site "St Petersburg"]
[Date "2018.03.22"]
[Round "4"]
[White "Zavgorodniaya, Alena"]
[Black "Kiseleva, Arina"]
[Result "1-0"]
[WhiteElo "2074"]
[BlackElo "2087"]
[PlyCount "75"]
[EventDate "2018.03.19"]
[EventType "swiss"]
[EventRounds "9"]
[EventCountry "RUS"]
[SourceTitle "CBM 183 Extra"]
[Source "ChessBase"]
[SourceDate "2018.04.19"]
[SourceVersion "1"]
[SourceVersionDate "2018.04.19"]
[SourceQuality "1"]

1. e4 c5 2. Nf3 Nc6 3. d4 cxd4 4. Nxd4 Nf6 5. Nc3 e6 6. Be3 Bb4 7. Nxc6 bxc6 8. Qf3 Bxc3+ 9. bxc3 Qa5 10. Bd2 Qe5 11. Bd3 d5 12. 0-0 dxe4 13. Qe2 Qf5 14. Bc4 0-0 15. f3 exf3 16. Rxf3 Qh5 17. Raf1 c5 18. Qe1 Bb7 19. Rg3 Ne4 20. Rh3 Qg6 21. Bd3 f5 22. Bf4 Qf6 23. Bxe4 Bxe4 24. Qg3 Qg6 25. Qf2 Rfc8 26. Be5 Qf7 27. Qh4 g6 28. Rd1 Bc6 29. Rhd3 Qf8 30. c4 h6 31. Qg3 Qf7 32. Qe3 g5 33. Bc3 Kh7 34. Rd6 Rc7 35. Rxe6 Re8 36. Rxh6+ Kxh6 37. Rd6+ Kh7 38. Qh3+ 1-0

[Event "St Petersburg-ch (Women)"]
[Site "St Petersburg"]
[Date "2018.03.20"]
[Round "2"]
[White "Chernyak, Viktoria"]
[Black "Zavgorodniaya, Alena"]
[Result "1-0"]
[WhiteElo "2200"]
[BlackElo "2074"]
[PlyCount "119"]
[EventDate "2018.03.19"]
[EventType "swiss"]
[EventRounds "9"]
[EventCountry "RUS"]
[SourceTitle "CBM 183 Extra"]
[Source "ChessBase"]
[SourceDate "2018.04.19"]
[SourceVersion "1"]
[SourceVersionDate "2018.04.19"]
[SourceQuality "1"]

1. d4 Nf6 2. c4 g6 3. Nc3 d5 4. e3 Bg7 5. Nf3 0-0 6. Be2 dxc4 7. Bxc4 c5 8. 0-0 Bg4 9. d5 Nbd7 10. Be2 Bf5 11. Nd2 g5 12. e4 Bg6 13. Rb1 a6 14. a4 Rb8 15. b3 Ne8 16. Bb2 Nd6 17. Bd3 b5 18. axb5 axb5 19. Qe2 Qb6 20. h3 Ne5 21. Bc2 h5 22. Nd1 Qc7 23. Ne3 Qd7 24. Rfe1 f6 25. Ba3 Rbc8 26. Rbc1 g4 27. hxg4 hxg4 28. Bb1 Nb7 29. Bb2 Bh5 30. Nf5 Nd6 31. Ng3 Bg6 32. Ba3 Qa7 33. Bb2 Qd7 34. Qe3 c4 35. Bd4 Ndf7 36. Qe2 Bh6 37. bxc4 bxc4 38. Rc3 Nd6 39. Bxe5 Bxd2 40. Qxd2 fxe5 41. Qg5 Rf6 42. Nh5 Rcf8 43. Nxf6+ Rxf6 44. Qxe5 Qa7 45. Rce3 c3 46. Qg3 Nc4 47. Rxc3 Ne5 48. Qe3 Qb8 49. Rec1 Qd6 50. Rc8+ Kg7 51. R8c7 Bf7 52. Qc5 Qa6 53. Rxe7 Nf3+ 54. gxf3 gxf3 55. Rxf7+ Rxf7 56. d6 Qb7 57. Qc3+ Kh6 58. Qe3+ Kg7 59. e5 Qb4 60. Qg5+ 1-0

[Event "St Petersburg Summer op"]
[Site "St Petersburg"]
[Date "2017.08.16"]
[Round "1"]
[White "Zavgorodniaya, Alena"]
[Black "Lintchevski, Daniil"]
[Result "0-1"]
[WhiteElo "2047"]
[BlackElo "2569"]
[PlyCount "54"]
[EventDate "2017.08.16"]
[EventType "swiss"]
[EventRounds "9"]
[EventCountry "RUS"]
[SourceTitle "CBM 180 Extra"]
[Source "ChessBase"]
[SourceDate "2017.10.06"]
[SourceVersion "1"]
[SourceVersionDate "2017.10.06"]
[SourceQuality "1"]

1. e4 c5 2. Nf3 Nf6 3. e5 Nd5 4. c4 Nc7 5. d4 cxd4 6. Qxd4 Nc6 7. Qh4 d6 8. Bf4 Ne6 9. exd6 Nxf4 10. Qxf4 e5 11. Qg3 e4 12. Nfd2 Bxd6 13. Qe3 0-0 14. Be2 Qf6 15. Nxe4 Qxb2 16. Nxd6 Qxa1 17. 0-0 Qe5 18. Qxe5 Nxe5 19. f4 Nc6 20. f5 Rd8 21. c5 Ne5 22. Nc3 b6 23. Nde4 Bb7 24. f6 Bxe4 25. Nxe4 Rd4 26. Ng3 g6 27. Rc1 Rc8 0-1

[Event "Chigorin Memorial 24th"]
[Site "St Petersburg"]
[Date "2016.10.18"]
[Round "4"]
[White "Palchun, Grigory"]
[Black "Zavgorodniaya, Alena"]
[Result "1-0"]
[WhiteElo "2336"]
[BlackElo "2011"]
[PlyCount "127"]
[EventDate "2016.10.15"]
[EventType "swiss"]
[EventRounds "9"]
[EventCountry "RUS"]
[SourceTitle "CBM 175 Extra"]
[Source "ChessBase"]
[SourceDate "2016.12.12"]
[SourceVersion "1"]
[SourceVersionDate "2016.12.12"]
[SourceQuality "1"]

1. e4 e5 2. Nf3 Nc6 3. Bb5 a6 4. Ba4 Nf6 5. 0-0 Be7 6. Re1 b5 7. Bb3 d6 8. c3 0-0 9. h3 Na5 10. Bc2 c5 11. d4 Qc7 12. Nbd2 cxd4 13. cxd4 Nc6 14. Nb3 a5 15. Be3 a4 16. Nbd2 Bd7 17. Rc1 Qb7 18. a3 Rfe8 19. Nb1 b4 20. d5 Na5 21. Bd2 Nc4 22. Bxb4 Nxb2 23. Qd2 Bb5 24. Qc3 Nc4 25. Nfd2 Nb6 26. Qe3 Rec8 27. Nc3 Be8 28. Bd3 Nfd7 29. Nb5 Rxc1 30. Rxc1 Rc8 31. Nb1 Rxc1+ 32. Qxc1 Nc8 33. Qc7 Qb8 34. N1c3 Kf8 35. Nxa4 Qxc7 36. Nxc7 Nc5 37. Nxc5 dxc5 38. Bc3 Bd6 39. Nxe8 Kxe8 40. Ba6 Nb6 41. Ba5 Bc7 42. d6 Bd8 43. Bb5+ Kf8 44. Kf1 f6 45. Ke2 Kf7 46. Bd7 Nxd7 47. Bxd8 Ke6 48. Bc7 c4 49. a4 Nc5 50. a5 Kd7 51. f3 Kc6 52. Kd2 Kb5 53. Kc2 Nd7 54. Kc3 Nf8 55. Bd8 Nd7 56. a6 Kxa6 57. Kxc4 Kb7 58. Kd5 Nf8 59. Be7 Nd7 60. Ke6 Kc6 61. g4 g6 62. Bxf6 Nc5+ 63. Ke7 Nd7 64. g5 1-0

[Event "Chigorin Memorial 24th"]
[Site "St Petersburg"]
[Date "2016.10.16"]
[Round "2"]
[White "Makeev, Konstantin"]
[Black "Zavgorodniaya, Alena"]
[Result "0-1"]
[WhiteElo "1525"]
[BlackElo "2011"]
[PlyCount "68"]
[EventDate "2016.10.15"]
[EventType "swiss"]
[EventRounds "9"]
[EventCountry "RUS"]
[SourceTitle "CBM 175 Extra"]
[Source "ChessBase"]
[SourceDate "2016.12.12"]
[SourceVersion "1"]
[SourceVersionDate "2016.12.12"]
[SourceQuality "1"]

1. e4 e5 2. Bc4 Nf6 3. d4 exd4 4. Nf3 Nc6 5. e5 d5 6. Bb5 Ne4 7. Nxd4 Bd7 8. Bxc6 bxc6 9. 0-0 Be7 10. f3 Nc5 11. Nc3 0-0 12. Be3 Ne6 13. f4 f5 14. Na4 Qc8 15. Nxe6 Bxe6 16. Nc5 Rd8 17. Bd4 Rb8 18. Rb1 Rb5 19. a4 Rxc5 20. Bxc5 Bxc5+ 21. Kh1 d4 22. b4 Be7 23. Qd3 Ba2 24. Rb2 Qe6 25. Qd2 Bd5 26. Rfb1 Kf7 27. Kg1 Be4 28. Re1 c5 29. c3 d3 30. b5 c4 31. Ra1 Bc5+ 32. Kf1 Qh6 33. h3 Qh4 34. Re1 Qg3 0-1

[Event "Chigorin Memorial 24th"]
[Site "St Petersburg"]
[Date "2016.10.15"]
[Round "1"]
[White "Zavgorodniaya, Alena"]
[Black "Sadovsky, Artem"]
[Result "0-1"]
[WhiteElo "2011"]
[BlackElo "2414"]
[PlyCount "80"]
[EventDate "2016.10.15"]
[EventType "swiss"]
[EventRounds "9"]
[EventCountry "RUS"]
[SourceTitle "CBM 175 Extra"]
[Source "ChessBase"]
[SourceDate "2016.12.12"]
[SourceVersion "1"]
[SourceVersionDate "2016.12.12"]
[SourceQuality "1"]

1. e4 g6 2. d4 Bg7 3. Nc3 d6 4. f4 a6 5. Nf3 b5 6. Bd3 Bg4 7. e5 d5 8. a4 b4 9. Na2 a5 10. c3 Bxf3 11. gxf3 bxc3 12. Nxc3 e6 13. Nb5 Bf8 14. 0-0 c6 15. Na3 Qb6 16. Nc2 Na6 17. Be3 Nb4 18. Be2 Rb8 19. Bf2 Ne7 20. Nxb4 Qxb4 21. Be1 Qb6 22. Bc3 Nf5 23. Qd2 Bb4 24. Kh1 Kd7 25. Rfc1 Rhc8 26. Rc2 c5 27. dxc5 Qxc5 28. Rac1 Qe3 29. Bxb4 axb4 30. Bb5+ Kd8 31. Qxe3 Nxe3 32. Rc6 Nc4 33. b3 Rxc6 34. Bxc6 Na5 35. Bb5 Rc8 36. Rxc8+ Kxc8 37. Be8 Nxb3 38. Bxf7 Nc5 39. Bg8 b3 40. Bxh7 d4 0-1